000 00716nam a2200265Ia 4500
003 OSt
005 20220925223150.0
006 a|||||r|||| 00| 0
007 ta
008 220923b |||||||| |||| 00| 0 eng d
037 _cGeneral Book
040 _aRTL
_cRTL
_beng
041 _2eng
_aeng
082 _aW6, P2
100 _aCunningham Frank
245 0 _aTheories of democracy
260 _aLondon
_bRoutledge
_c2002
300 _a248p
_ccm.
490 _aRoutledge Contemporary Political Philosophy
500 _aBibliography: P 218-38
650 _a Democracy
_920451
650 _aDemocracy
_920451
942 _hW6, P2
_cGB
_2CC
999 _c578827
_d578827